|
|
|
|
| LEADER |
01300nam a2200337Ia 4500 |
| 001 |
EBC267467 |
| 003 |
MiAaPQ |
| 005 |
20200520144314.0 |
| 006 |
m o d | |
| 007 |
cr cn||||||||| |
| 008 |
000815s2006 enk s 000 0 eng d |
| 020 |
|
|
|z 1845449487
|
| 035 |
|
|
|a (MiAaPQ)EBC267467
|
| 035 |
|
|
|a (Au-PeEL)EBL267467
|
| 035 |
|
|
|a (CaPaEBR)ebr10132670
|
| 035 |
|
|
|a (CaONFJC)MIL54727
|
| 035 |
|
|
|a (OCoLC)936834325
|
| 040 |
|
|
|a MiAaPQ
|c MiAaPQ
|d MiAaPQ
|
| 050 |
|
4 |
|a TS183
|b .D47 2006
|
| 245 |
0 |
0 |
|a Design and manufacturing
|h [electronic resource] :
|b special Issue /
|c guest editorsJillian MacBryde and Zoe Radnor.
|
| 260 |
|
|
|a Bradford, England :
|b Emerald Group Publishing,
|c c2006.
|
| 300 |
|
|
|a 187 p.
|
| 490 |
0 |
|
|a International journal of productivity and performance management ;
|v v.55, no. 3/4
|
| 533 |
|
|
|a Electronic reproduction. Ann Arbor, MI : ProQuest, 2015. Available via World Wide Web. Access may be limited to ProQuest affiliated libraries.
|
| 650 |
|
0 |
|a Manufacturing processes
|x Standards.
|
| 650 |
|
0 |
|a Industrial productivity.
|
| 655 |
|
4 |
|a Electronic books.
|
| 700 |
1 |
|
|a MacBryde, Jillian.
|
| 700 |
1 |
|
|a Radnor, Z. J.
|q (Zoe J.)
|
| 710 |
2 |
|
|a ProQuest (Firm)
|
| 856 |
4 |
0 |
|u https://ebookcentral.proquest.com/lib/matrademy/detail.action?docID=267467
|z Click to View
|